| Tag |
First Indicator |
Second Indicator |
Subfields |
| LEADER |
00000nam a2200000Ia 4500 |
| 001 |
in00004301321 |
| 005 |
20200810085303.0 |
| 006 |
m g d |
| 007 |
cr bn |||a|bb| |
| 008 |
861205s1689 enk o 00| | lat d |
| 035 |
|
|
|a (OCoLC)14927120
|
| 040 |
|
|
|a EAF
|c EAF
|d WaOLN
|
| 037 |
|
|
|a CL0037000056
|b ProQuest Information and Learning. 300 N. Zeeb Rd., Ann Arbor, MI 48106
|
| 090 |
|
|
|a PA6501.A2
|b 1689
|
| 049 |
|
|
|a EAFA
|
| 100 |
0 |
|
|a Martial.
|
| 245 |
1 |
0 |
|a M. Val. Martialis Epigrammata :
|b in usum scholæ Westmonasteriensis.
|
| 260 |
|
|
|a Londini :
|b Officinâ Eliz. Redmayne,
|c MDCLXXXIX [1689]
|
| 300 |
|
|
|a 1 online resource (274, [1] pages)
|
| 336 |
|
|
|a text
|b txt
|2 rdacontent
|
| 337 |
|
|
|a computer
|b c
|2 rdamedia
|
| 338 |
|
|
|a online resource
|b cr
|2 rdacarrier
|
| 500 |
|
|
|a "M. Val. Martialis De spectaculis libellus" : pages 268-274.
|
| 500 |
|
|
|a Errata: pages [1]
|
| 500 |
|
|
|a Reproduction of original in the University of Illinois (Urbana-Champaign Campus). Library.
|
| 510 |
4 |
|
|a Wing
|c M829
|
| 533 |
|
|
|a Electronic reproduction.
|b Ann Arbor, Mich. :
|c UMI,
|d 1999-
|f (Early English books online)
|n Digital version of: (Early English books, 1641-1700 ; 1574:36)
|7 s1999 miun s
|
| 650 |
|
0 |
|a Epigrams, Latin.
|
| 740 |
0 |
|
|a Epigramata in ususm scholæ Westmonasteriensis.
|
| 740 |
0 |
|
|a Epigramata.
|
| 830 |
|
0 |
|a Early English books online.
|
| 856 |
4 |
0 |
|u http://proxy.library.tamu.edu/login?url=https://search.proquest.com/docview/2240873101
|z Connect to the full text of this electronic book
|t 0
|
| 999 |
f |
f |
|s 58e68660-48a6-395f-8ebc-19704dcb0d89
|i 05a5e0e2-92b2-3484-a6b3-2d32d16cd56b
|t 0
|
| 952 |
f |
f |
|a Texas A&M University
|b College Station
|c Electronic Resources
|d Available Online
|t 0
|e PA6501.A2 1689
|h Library of Congress classification
|
| 998 |
f |
f |
|a PA6501.A2 1689
|t 0
|l Available Online
|